LEADER 00910naa a2200205 u 4500 001 000000097619 003 CaOOAMICUS 005 20070226130151.0 008 050504s1978 it u000 u ita u 035 $a11044855 040 $aIAR$bita 100 1 $aFerretti, Massimo.$0(OLS)http://pul/name/61773 245 10$aDi nuovo sul percorso lucchese /$cMassimo Ferretti. 260 $aPisa :$bScuola Normale,$c1978. 300 $aS. 1237-1251 ;$c25 cm 730 0 $aAnnali della Scuola normale superiore di Pisa, Classe di lettere e filosofia$g[Spogli].$0(OLS)http://pul/title/24292 773 0 $tAnnali della Scuola Normale Superiore di Pisa$gSerie III, vol. VIII,3 (1978). 773 0 $tAnnali della Scuola normale superiore di Pisa, Classe di lettere e filosofia$w()16982 996 $6245$aDi nuovo sul percorso lucchese$9(OLS)http://pul/title/124503 996 $6260$aPisa :$bScuola Normale$9(OLS)http://pul/publisher/79182 LEADER 01027naa a2200241 u 4500 001 000000096501 003 CaOOAMICUS 005 20240412113145.0 008 041020s1994 it u000 u ita u 020 $a8802047979 032 $aLibriCat 035 $a11012266 040 $aIAR$bita 100 1 $aGargano, Antonio,$d1953-$0(OLS)http://pul/name/61496 245 14$aLa "fortune d'une litterature" :$bLa ricezione della letteratura italiana in Spagna /$cAntonio Gargano. 260 $aTorino :$bUTET,$c1994. 300 $aS. 269-292 ;$c29 cm 773 0 $aL'Italia e la formazione della civiltà europea : Letteratura e vita intellettuale. 773 0 $tL'Italia e la formazione della civiltà europea. 2, Letteratura e vita intellettuale$w()19289 996 $6020$a8802047979$9(OLS)http://pul/number/24683 996 $6245$aLa "fortune d'une litterature" :$bLa ricezione della letteratura italiana in Spagna$9(OLS)http://pul/title/123378 996 $6260$aTorino :$bUTET$9(OLS)http://pul/publisher/48088